MARC

Tag First Indicator Second Indicator Subfields
LEADER 00000pam a2200000 i 4500
001 in00000317128
005 20151010155217.0
008 780418s1978 nyua b 00100 eng
010 |a  78008119  
020 |a 0127092501 
035 |a (OCoLC)03869490 
035 |9 ABJ3356AM 
040 |a DLC  |c DLC  |d TXA  |d UtOrBLW 
043 |a e-no--- 
049 |a TXAM  |c [1476876] 
050 0 0 |a QP82.2.S8  |b P79 
060 0 |a WD730 P974 
082 0 |a 612/.042 
245 0 0 |a Psychobiology of stress :  |b a study of coping men /  |c edited by Holger Ursin, Eivind Baade, Seymour Levine. 
264 1 |a New York :  |b Academic Press,  |c 1978. 
300 |a xv, 236 pages :  |b illustrations ;  |c 24 cm. 
336 |a text  |b txt  |2 rdacontent 
337 |a unmediated  |b n  |2 rdamedia 
338 |a volume  |b nc  |2 rdacarrier 
490 1 |a Behavioral biology 
504 |a Includes bibliographies and index. 
610 1 0 |a Norway.  |b Hæren  |x Parachute troops. 
650 0 |a Stress (Physiology) 
650 0 |a Parachuting  |x Physiological aspects. 
650 0 |a Psychobiology. 
650 2 |a Stress, Psychological  |x physiology. 
650 2 |a Military Medicine. 
650 2 |a Psychology, Military. 
650 2 |a Hormones  |x physiology. 
700 1 |a Ursin, Holger. 
700 1 |a Baade, Eivind. 
700 1 |a Levine, Seymour. 
830 0 |a Behavioral biology (New York, N.Y. : 1978) 
999 |a MARS 
999 f f |s ed7313b4-3f12-33c6-ae29-7bdad8e0e01d  |i 9635708b-53a4-3930-9e1c-f35e114f1013  |t 0 
952 f f |p normal  |a Texas A&M University  |b College Station  |c Sterling C. Evans Library  |d Evans: Library Stacks  |t 0  |e QP82.2.S8 P79  |h Library of Congress classification  |i unmediated -- volume  |m A14804995173 
998 f f |a QP82.2.S8 P79  |t 0  |l Evans: Library Stacks